التطبيق المعاصر العقد السلم فى المصارف الاسلامية

Bibliographic Details
Main Author: زيد، محمد عبد العزيز حسن (Author)
Format: Book
Published: Cairo : al-Ma'ahad al-'Alami lil-Fikr al-Islami , 1996
Series:دراسات فى الاقتصاد الاسلامى؛ 10
Subjects:

MARC

LEADER 00000cam a2200000 7i4500
001 0000040921
005 20040729093000.0
020 |a 9775224241 
090 0 0 |a BP173.75   |b .Z342 1996 
100 0 |a زيد، محمد عبد العزيز حسن ,   |e author 
245 1 2 |a التطبيق المعاصر العقد السلم فى المصارف الاسلامية   |c محمد عبد العزيز حسن زيد 
260 2 |a Cairo :   |b al-Ma'ahad al-'Alami lil-Fikr al-Islami ,   |c 1996 
300 |a 78 p. ;   |c 24 cm. 
440 0 0 |a دراسات فى الاقتصاد الاسلامى؛ 10 
504 |a Includes bibliographical references (p.77-78) and indexes 
650 0 |a Contracts (Islamic law) 
650 0 |a Economics   |x Religious aspects   |x Islam 
650 0 |a Vendors and purchasers (Islamic law) 
745 0 3 |a al-Tatbiq al-muasir li-aqad al-salam fi al-masarif al-Islamiyah 
999 |a 1000069198   |b Book   |c OPEN SHELF (30 DAYS)   |e Gong Badak Campus